000 00567nam a2200229Ia 4500
003 OSt
005 20220918191715.0
006 a|||||r|||| 00| 0
007 ta
008 220917b |||||||| |||| 00| 0 eng d
024 _a64,695
037 _cTextual
040 _aARTS
_cARTS
_beng
041 _2eng
_aeng
082 _aQu1:N3, J8
100 _aBouquet A C
_972717
245 0 _aChristian faith and non christian religions
260 _c1958
650 _aRELIGION
942 _hQu1:N3, J8
_cTEXL
_2CC
999 _c191063
_d191063